[Event "ICC 3 0"]
[Site "Internet Chess Club"]
[Date "2006.12.05"]
[Round "-"]
[White "SirJohn"]
[Black "Coming-Star"]
[Result "1/2-1/2"]
[WhiteElo "2785"]
[BlackElo "2823"]

1. e4 c5 2. Nf3 e6 3. d4 cxd4 4. Nxd4 Bc5 5. Nb5 Qb6 6. Be3 Bxe3 7. fxe3
Nf6 8. Nd6+ Ke7 9. Nc4 Qc5 10. e5 Nd5 11. Qd4 b6 12. Nbd2 Nc6 13. Qxc5+
bxc5 14. O-O-O Ba6 15. e4 Nf4 16. h4 Ng6 17. h5 Bxc4 18. Bxc4 Ngxe5 19. Bb5
Nd4 20. Bf1 h6 21. c3 Ndc6 22. Nb3 d6 23. Be2 Rhd8 24. Rh3 c4 25. Nd2 d5
26. Rg3 Kf8 27. exd5 exd5 28. Rf1 Rd6 29. Re3 Re8 30. Re1 a5 31. Bf1 f6 32.
Nf3 Rde6 33. Kd1 Kf7 34. Nh4 Ng4 35. Rxe6 Rxe6 36. Rxe6 Kxe6 37. Be2 Ne3+
38. Kd2 d4 39. cxd4 Nf5 40. Bxc4+ Kd7 41. Nxf5 a4 42. Nxg7 Na5 43. Kd3 a3
44. bxa3 Ke7 45. Nf5+ Kd7 46. Nxh6 Kd6 47. Nf5+ Kd7 48. h6 Kc6 49. h7 Nxc4
50. Kxc4 Kd7 51. h8=Q Ke6 52. Qh7 1/2-1/2

[Event "ICC 15 0"]
[Site "Internet Chess Club"]
[Date "2006.11.10"]
[Round "-"]
[White "BountyHunter"]
[Black "Over-Rated"]
[Result "1-0"]
[WhiteElo "2783"]
[BlackElo "2672"]

1. e4 c5 2. Nf3 e6 3. d4 cxd4 4. Nxd4 a6 5. Bd3 Bc5 6. Nb3 Be7 7. O-O d6 8.
Qg4 g6 9. Qd1 Nc6 10. Nc3 Nf6 11. Bh6 d5 12. exd5 Nxd5 13. Nxd5 Qxd5 14.
Bg7 Rg8 15. c4 Qd8 16. Bc3 a5 17. Qe2 Bf6 18. Be4 Bxc3 19. bxc3 Qc7 20. Nd4
Kf8 21. Qe3 Kg7 22. Nb5 Qe7 23. c5 Bd7 24. Rfe1 f5 25. Bxc6 Bxc6 26. Nd6
Kh8 27. Qd4+ Rg7 28. Re2 Rf8 29. Rae1 Rf6 30. a4 f4 31. f3 g5 32. Re5 g4
33. Nf5 Rxf5 34. Rxf5 gxf3 35. Rxf4 fxg2 36. Rg4 Qf8 37. Rxg7 Qxg7 38. Qd8+
Qg8 39. Qe7 Qg7 40. Rxe6 Kg8 41. Re3 Qxe7 42. Rxe7 h6 43. h3 Kh8 44. h4 Kg8
45. h5 Kh8 46. Rc7 Kg8 47. Kf2 Kh8 48. Rf7 Kg8 49. Re7 Kh8 50. Kg1 Kg8 51.
Kh2 Kh8 52. Re6 Kg7 53. Rg6+ Kh7 54. Rxg2 Bxg2 55. Kxg2 Kg7 56. Kf3 Kf6 57.
Kf4 Ke6 58. Ke4 Ke7 59. Kd4 Kd7 60. Kd5 Kc7 61. c6 bxc6+ 62. Kc5 Kb7 63.
Kd6 Kb6 64. c4 c5 65. Kd5 Kb7 66. Kxc5 Kc7 67. Kb5 Kd6 68. c5+ Kd7 69. c6+
Kc7 70. Kxa5 Kxc6 71. Kb4 Kb6 72. Kc4 Ka5 73. Kd3 Kxa4 74. Ke4 Kb5 75. Kf5
Kc6 76. Kg6 Kd7 77. Kxh6 Ke7 78. Kg7 Ke8 79. h6 Kd8 80. h7 Ke8 81. h8=Q+
Kd7 82. Qh5 Kc6 83. Qa5 Kd6 84. Kf7 Kc6 85. Ke7 Kb7 86. Kd6 Kb8 87. Kc6 Kc8
88. Qc7# 1-0

[Event "ICC 3 0"]
[Site "Internet Chess Club"]
[Date "2006.11.03"]
[Round "-"]
[White "jeopardy"]
[Black "MBelli"]
[Result "0-1"]
[WhiteElo "2867"]
[BlackElo "2892"]

1. e4 c5 2. Nf3 e6 3. d4 cxd4 4. Nxd4 Qb6 5. Nc3 Bc5 6. Be3 Nc6 7. Ndb5
Bxe3 8. Nd6+ Ke7 9. fxe3 Qxe3+ 10. Be2 Nf6 11. Nc4 Qc5 12. Qd3 d5 13. exd5
exd5 14. Nd2 Nb4 15. Qg3 Nxc2+ 16. Kd1 Nxa1 17. Qxg7 Rg8 18. Qh6 Bg4 19.
Rf1 Bxe2+ 20. Kxe2 Rg6 21. Qh4 Nc2 22. Nb3 Qc4+ 23. Kf2 Qxh4+ 0-1

[Event "ICC 10 10"]
[Site "Internet Chess Club"]
[Date "2006.08.29"]
[Round "-"]
[White "Over-Rated"]
[Black "FastTurtle"]
[Result "1-0"]
[WhiteElo "2813"]
[BlackElo "2593"]

1. e4 c5 2. Nf3 e6 3. d4 cxd4 4. Nxd4 a6 5. Bd3 Bc5 6. Nb3 Be7 7. O-O d6 8.
c4 Nf6 9. Nc3 Nc6 10. f4 Qb6+ 11. Kh1 O-O 12. Bd2 Qc7 13. Qf3 Rb8 14. Rac1
Ra8 15. Be3 Bd7 16. c5 d5 17. e5 Ne8 18. Qh5 g6 19. Qh6 f6 20. Nd4 Nb4 21.
f5 gxf5 22. Bxf5 exf5 23. e6 Ng7 24. a3 Nxe6 25. Nxf5 Bc6 26. axb4 Rf7 27.
Qh5 Bf8 28. Rce1 Kh8 29. Rd1 Rd8 30. Qh4 Be7 31. Rd2 Bf8 32. Kg1 Qc8 33. b3
Qc7 34. Ne2 Re8 35. Neg3 Qe5 36. Re2 Qc3 37. Bd2 Qd3 38. Qh5 Nd8 39. Ref2
Qxb3 40. Nh6 Bxh6 41. Qxh6 Qd3 42. Nf5 Ref8 43. Rf3 Qc2 44. Ne7 Ne6 45. Rc3
Qe4 46. Re3 Qc2 47. Rxe6 Bb5 48. Rf3 Bd3 49. h4 Qc4 50. Kh2 Qd4 51. Bg5 Rg7
52. Rexf6 Qe5+ 53. Kh3 Rfg8 54. Nxg8 Qe3 55. Ne7 Bf5+ 56. Rxf5 Qe6 57. Qxe6
b5 58. Rf8+ Rg8 59. Rxg8# 1-0

[Event "ICC 1 23"]
[Site "Internet Chess Club"]
[Date "2006.08.25"]
[Round "-"]
[White "Good-Boy"]
[Black "thebaron"]
[Result "1-0"]
[WhiteElo "2853"]
[BlackElo "2689"]

1. e4 c5 2. Nf3 e6 3. d4 cxd4 4. Nxd4 a6 5. Bd3 Bc5 6. Nb3 Be7 7. O-O d6 8.
Qf3 Nf6 9. Nc3 Nc6 10. Qg3 O-O 11. Bh6 Ne8 12. Be3 Bd7 13. Be2 Bh4 14. Qh3
Bf6 15. f4 Bxc3 16. bxc3 Nf6 17. Bf3 e5 18. f5 Na5 19. Qg3 Kh8 20. Bg5 Nc4
21. Qh4 Rc8 22. Be2 Qb6+ 23. Kh1 d5 24. exd5 Ne3 25. c4 Nxf1 26. Rxf1 Kg8
27. c5 Qd8 28. Rf3 Re8 29. Rg3 Kh8 30. h3 Bxf5 31. Rf3 Qd7 32. Bxf6 Bg6 33.
Bg5 Qxd5 34. Rf2 h6 35. Bc4 Qd1+ 36. Kh2 Kg8 37. Be3 Rc7 38. Rd2 Qh5 39.
Qxh5 Bxh5 40. Na5 Kh7 41. g4 Bg6 42. Bd5 Ree7 43. c3 f5 44. gxf5 Bxf5 45.
Rb2 Bc8 46. Nc4 Bd7 47. Bxb7 Bc6 48. Bxa6 Ra7 49. Bc8 Ra4 50. Nd6 g6 51.
Kg3 Ra3 52. Rc2 Ba4 53. Bc1 Bxc2 54. Bxa3 e4 55. c4 e3 56. Bb4 e2 57. Kf2
Ba4 58. Bb7 e1=B+ 59. Bxe1 Rc7 60. Bb4 Bd7 61. Kg3 Bc6 62. Bxc6 Rxc6 63.
Kf4 Ra6 64. Ke4 g5 65. Kd5 g4 66. hxg4 Rxa2 1-0

[Event "ICC 2 1"]
[Site "Internet Chess Club"]
[Date "2006.07.14"]
[Round "-"]
[White "drudixon2"]
[Black "thebaron"]
[Result "1-0"]
[WhiteElo "2715"]
[BlackElo "2523"]

1. e4 c5 2. Nf3 e6 3. d4 cxd4 4. Nxd4 a6 5. Bd3 Bc5 6. Nb3 Be7 7. Bf4 Nc6
8. Nc3 d6 9. O-O Nf6 10. h3 O-O 11. a3 Ne5 12. a4 Qc7 13. Be2 b6 14. Qd4
Bb7 15. Rfd1 Nfd7 16. Qe3 Ng6 17. Bg3 Rac8 18. Rd4 Nge5 19. Rad1 Rfd8 20.
f4 Nc6 21. Rc4 Nc5 22. Bf2 Re8 23. Qg3 Red8 24. Qg4 g6 25. h4 h5 26. Qg3
Kh7 27. Be3 Rg8 28. Rf1 Nxb3 29. cxb3 Qd8 30. Qh2 d5 31. exd5 exd5 32. Rd1
Na5 33. Rxc8 Qxc8 34. Nxd5 Qc2 35. Rd2 Qc1+ 36. Kf2 Bc5 37. Bxc5 Qxc5+ 38.
Ne3 Re8 39. Rd3 Nc6 40. f5 Ne5 41. Rc3 Qd4 42. fxg6+ Nxg6 43. Qc7 Qf6+ 44.
Ke1 Be4 45. Bxh5 Ne5 46. Ke2 b5 47. axb5 axb5 48. b4 1-0

[Event "ICC 3 0"]
[Site "Internet Chess Club"]
[Date "2006.07.12"]
[Round "-"]
[White "chevrolated"]
[Black "bomberman83"]
[Result "0-1"]
[WhiteElo "2782"]
[BlackElo "2618"]

1. e4 c5 2. Nf3 e6 3. d4 cxd4 4. Nxd4 a6 5. Bd3 Bc5 6. Nb3 Be7 7. Qg4 g6 8.
Qe2 d6 9. c4 Nd7 10. Nc3 Ngf6 11. Bh6 Qc7 12. O-O b6 13. f4 Bb7 14. Rae1
Rg8 15. Bg5 h6 16. Bxh6 Rh8 17. Bg5 O-O-O 18. Rc1 Nc5 19. Nd4 Kb8 20. b4
Nxd3 21. Qe3 Nxb4 0-1

[Event "ICC 5 3"]
[Site "Internet Chess Club"]
[Date "2006.02.01"]
[Round "?"]
[White "turion64"]
[Black "Tweetie"]
[Result "1/2-1/2"]
[WhiteElo "2693"]
[BlackElo "2872"]

1. e4 c5 2. Nf3 e6 3. d4 cxd4 4. Nxd4 Bc5 5. Nc3 Qb6 6. Be3 Nc6 7. Ndb5
Bxe3 8. fxe3 Qxe3+ 9. Be2 Kf8 10. Qd6+ Nge7 11. Qd3 Qxd3 12. Bxd3 d5 13.
exd5 exd5 14. Nc7 Rb8 15. O-O f6 16. N3xd5 Nxd5 17. Nxd5 Be6 18. Be4 Kf7
19. c4 Ne5 20. b3 Rhd8 21. Rad1 Rd7 22. Nc3 Rxd1 23. Rxd1 f5 24. Bd5 Bxd5
25. cxd5 Kf6 26. Nb5 a6 27. Nc7 Ke7 28. Ne6 g6 29. h3 Rc8 30. Rd2 Kd6 31.
Kf1 Re8 32. b4 Nc4 33. Re2 Re7 34. Nc5 Ne5 35. a3 a5 36. Na4 axb4 37. Nb6
Rc7 38. axb4 Rc1+ 39. Kf2 Rb1 40. Nc8+ Kxd5 41. Rd2+ Kc4 42. Nd6+ Kc3 43.
Re2 Nd3+ 44. Kf3 Rxb4 45. Re7 b5 46. Rb7 Ne5+ 47. Kg3 f4+ 48. Kh2 Rb2 49.
Rxb5 Re2 50. Kg1 Re1+ 51. Kh2 Nd3 52. Rb8 Nf2 53. Nb5+ Kd3 54. Rd8+ Kc4 55.
Nd6+ Kb4 56. g3 f3 57. g4 Nd3 58. Ne4 f2 59. Rd4+ Kb5 60. Ng3 Re3 61. Nf1
Rf3 62. Kg2 Ne1+ 63. Kh2 Rf7 64. Kg3 Kc5 65. Ra4 Rf3+ 66. Kh2 Rf6 67. g5
Rf7 68. h4 Kb5 69. Ra8 Rf4 70. Kh3 Rf3+ 71. Kh2 Rf7 72. Rc8 Rf4 73. Kg3
Rf3+ 74. Kg4 Rf7 75. Kg3 Kb4 76. Rc6 Nd3 77. Kg2 Re7 78. Rc8 Kb5 79. Nd2
Rf7 80. Rc3 f1=Q+ 81. Nxf1 Ne1+ 82. Kg1 Nf3+ 83. Kg2 Nxh4+ 84. Kg3 Kb4 85.
Rd3 Kc4 86. Rd8 Nf5+ 87. Kg4 Kc5 88. Nd2 Re7 89. Kf4 Nd6 90. Ra8 Re2 91.
Ra2 Kb4 92. Kf3 Rh2 93. Rc2 Nf7 94. Kg3 Re2 95. Kh4 Rg2 96. Kh3 Rxg5 97.
Ne4 Re5 98. Rc7 Rxe4 99. Rxf7 h5 100. Rf6 g5 101. Rf5 Rg4 102. Re5 Kc4 103.
Ra5 Kd3 104. Ra2 Rh4+ 105. Kg2 g4 106. Ra4 Kc3 107. Ra3+ Kd4 108. Rb3 Ke4
109. Rb4+ Kd5 110. Rb3 Ke5 111. Rb5+ Ke6 112. Rb3 Kf5 113. Rc3 Ke4 114. Ra3
Kf4 115. Kg1 Ke5 116. Kg2 Ke4 117. Rb3 Kd5 118. Rd3+ Kc6 119. Rc3+ Kd6 120.
Re3 Kd7 121. Kg1 Kc7 122. Rd3 Kb6 123. Rc3 Ka5 124. Rb3 Ka4 125. Rc3 Kb4
126. Re3 Kc5 127. Kg2 Kd6 128. Kg1 Kd7 129. Kg2 Kd8 130. Kg1 Kc8 131. Rc3+
Kb8 132. Rb3+ Ka7 133. Kg2 Ka6 134. Ra3+ Kb5 135. Rb3+ Ka4 136. Re3 Ka5
137. Rb3 g3 138. Rxg3 Kb5 139. Rh3 Rg4+ 140. Kh2 Rg5 141. Rg3 Re5 142. Kh3
Kc4 143. Kh4 Kd4 144. Rg5 Re8 145. Kxh5 Rf8 146. Kh6 Ke4 147. Rg6 Ke5 148.
Rg2 Rh8+ 149. Kg7 Rb8 150. Rg1 Rb6 151. Re1+ Kd5 152. Kf8 Rb7 153. Rd1+ Ke6
154. Re1+ Kd6 155. Rd1+ Ke5 156. Ke8 Rg7 157. Re1+ Kd6 158. Kf8 Ra7 159.
Rd1+ Ke5 160. Re1+ Kd4 161. Ke8 Kd5 162. Kd8 Rb7 163. Rh1 Rg7 164. Rh5+ Ke4
165. Rh4+ Ke5 166. Rh5+ Kd4 167. Ke8 Ra7 168. Kd8 Rf7 169. Rh6 Kd5 170. Rh1
Rb7 171. Rd1+ Ke4 172. Re1+ Kd4 173. Rh1 Rb6 174. Kc8 Rg6 175. Kb7 Kd5 176.
Rd1+ Ke5 177. Ka7 Ke4 178. Kb7 Rf6 179. Kc7 Ra6 180. Re1+ Kd4 181. Rh1 Kc5
182. Rh5+ Kc4 183. Rh8 Rg6 184. Rh4+ Kd5 185. Rh2 Rc6+ 186. Kd7 Ra6 187.
Kc8 Ra7 188. Rh5+ Ke4 189. Rh4+ Ke5 190. Rb4 Ra5 191. Kc7 Ra1 192. Rb2 Rd1
193. Rb6 Rd2 194. Rc6 Rd5 195. Kb7 1/2-1/2

[Event "ICC 5 3"]
[Site "Internet Chess Club"]
[Date "2006.02.03"]
[Round "?"]
[White "LinuxKnight"]
[Black "Tweetie"]
[Result "1-0"]
[WhiteElo "2890"]
[BlackElo "2868"]

1. e4 c5 2. Nf3 e6 3. d4 cxd4 4. Nxd4 Bc5 5. Nc3 Qb6 6. Na4 Qa5+ 7. c3 Bxd4
8. Qxd4 Nf6 9. Nc5 O-O 10. Nb3 Qh5 11. f3 Nc6 12. Qd6 Ne8 13. Qg3 Nf6 14.
Qg5 Qg6 15. Qxg6 fxg6 16. Be3 d5 17. exd5 exd5 18. O-O-O Rf7 19. Bd3 Bf5
20. Bxf5 gxf5 21. Bd4 Nh5 22. Rhe1 b6 23. Bg1 Rd8 24. Nd4 Nxd4 25. Rxd4 Nf6
26. Bf2 h6 27. Re5 g6 28. Bh4 g5 29. Bf2 Kg7 30. Rxf5 Re7 31. h4 Kg6 32. g4
Rde8 33. Rd1 Re5 34. Rxe5 Rxe5 35. h5+ Kg7 36. Bd4 Re6 37. a4 Kf8 38. a5
Ke7 39. axb6 axb6 40. Kd2 Ne8 41. Ra1 Kd7 42. Ra7+ Kc6 43. Rh7 Nd6 44. Kd3
Ne8 45. Rh8 Kd7 46. Rg8 b5 47. Bc5 Rf6 48. Rf8 Re6 49. Kd4 Kc6 50. Rg8 Nc7
51. Bb4 Re1 52. Rg6+ Ne6+ 53. Kd3 Kd7 54. Rxh6 Rf1 55. Rf6 Nf4+ 56. Kd4
Rxf3 57. h6 Rg3 58. Ke5 Rxg4 59. Kf5 Rh4 60. Kxg5 Rh2 61. Rxf4 d4 62. Rh4
Rg2+ 63. Kh5 dxc3 64. Bxc3 Rf2 1-0

[Event "ICC 5 5"]
[Site "Internet Chess Club"]
[Date "2006.02.17"]
[Round "?"]
[White "RusChess"]
[Black "thebaron"]
[Result "1-0"]
[WhiteElo "2830"]
[BlackElo "2661"]

1. e4 c5 2. Nf3 e6 3. d4 cxd4 4. Nxd4 Qb6 5. Nc3 Bc5 6. Na4 Qa5+ 7. c3 Bxd4
8. Qxd4 e5 9. Qc4 Nc6 10. Be3 d6 11. f3 Be6 12. Qb5 Qc7 13. O-O-O Nf6 14.
Kb1 O-O 15. g4 Rfc8 16. h4 Rab8 17. g5 Nh5 18. Rh2 Rd8 19. Bh3 Bxh3 20.
Rxh3 b6 21. Rh2 Ne7 22. c4 Ng6 23. Nc3 Rbc8 24. b3 Rd7 25. Qa6 Qb8 26. Nb5
Rcd8 27. Qa3 Qa8 28. Rxd6 Rxd6 29. Nxd6 Rd7 30. Bxb6 Rxd6 31. Qxd6 axb6 32.
Qxb6 Nhf4 33. a4 Qc8 34. a5 Qd7 35. a6 Ne2 36. a7 Qd1+ 37. Ka2 Qc2+ 38. Ka3
Qc1+ 39. Kb4 Qc3+ 40. Kc5 Qe3+ 41. Kc6 Nd4+ 42. Kb7 h5 43. gxh6 Kh7 1-0

[Event "ICC 3 0"]
[Site "Internet Chess Club"]
[Date "2006.03.22"]
[Round "?"]
[White "Rethy"]
[Black "Tibor"]
[Result "0-1"]
[WhiteElo "2581"]
[BlackElo "2708"]

1. e4 c5 2. Nf3 e6 3. d4 cxd4 4. Nxd4 a6 5. Bd3 Bc5 6. Nb3 Be7 7. f4 d6 8.
Qf3 Nd7 9. Be3 Qc7 10. N1d2 b6 11. O-O-O Bb7 12. Kb1 Ngf6 13. g4 Nc5 14. g5
Nfd7 15. Rhg1 Rc8 16. Rc1 d5 17. exd5 Bxd5 18. Qh3 g6 19. Bd4 O-O 20. Rg3
e5 21. fxe5 Nxe5 22. Re3 Bd6 23. Rce1 Ncxd3 24. cxd3 Be6 25. Qh6 f6 26.
gxf6 Bxb3 27. Nxb3 Ng4 28. Qg7+ Qxg7 29. fxg7 Rfd8 30. Re4 h5 31. h3 Nh6
32. Bxb6 Rd7 33. Bd4 Rdd8 34. Bf6 Rd7 35. Re8+ Rxe8 36. Rxe8+ Kf7 37. Rh8
Kxf6 38. g8=Q Nxg8 39. Rxg8 Kf7 40. Ra8 Be7 41. Rxa6 g5 42. d4 g4 43. hxg4
hxg4 44. Ra5 g3 45. Nc5 g2 46. Nxd7 g1=Q+ 47. Kc2 Qg2+ 48. Kc3 Qf3+ 49. Kc4
Qe2+ 50. Kd5 Qe1 51. Ne5+ Qxe5+ 0-1